000 01970cam a22004694i 4500
003 PE-LiUPU
005 20250731173026.0
008 150623s1999 ilua rb 000 0 eng d
020 _a0830815899
035 _a(Sirsi) i9780830815890
040 _aPE-LiUPU
_bspa
_cPE-LiUPU
_erda
049 _aPRUA
082 0 4 _a225.95
_bJ34
_221
100 1 _aJeffers, James S.,
_eautor.
245 1 4 _aThe Greco-Roman world of the New Testament era /
_cJames S. Jeffers.
264 1 _aDowners Grove, Illinois :
_bIntervarsity Press,
_c1999.
300 _a352 páginas :
_bilustraciones ;
_c23 centímetros
336 _atext
_2rdacontent
337 _aunmediated
_2rdamedia
338 _avolume
_2rdacarrier
504 _aIncluye Bibliografía.
505 0 _aHistorical Background to the New Testament Era -- Live & Death in the First Century -- The City in the Greco-Roman World -- Governing of the Provinces & Palestine -- Tools of Governance: Finances, Law & the Military -- Social Class & Status in the Empire -- Citizenship -- The Jews inthe Cities -- Slavery -- The Family, women & Education -- Provinces & Cities of the New Testament Era.
526 _aSEG42
526 _aSEG41
526 _aSEG40
526 _aSEG39
526 _aP94
526 _aP87
526 _aP86
526 _aP85
526 _aP77
526 _aP76
526 _aP35
630 _abiblia.
_pN.T.
_xHistoria de eventos contemporáneos.
650 0 4 _aIglesia
_xHistoria
_yPeríodo apostólico, ca. 30-600.
942 _2ddc
_cBOOK
949 _a225.95 J34
_wDEWEY
_c1
_i47975
_lCCODEBUL1
_mBUL
_r0
_sY
_tBOOK
_u2015-6-24
_xTEOLOGIA
_PP35
_0COMPRA
_o.STAFF. Colección General
994 _aC0
_bPEPRU
596 _a1
999 _a225.95 J34
_wDEWEY
_c24450
_i47975
_d24450
_e2017-11-28
_f2021-11-9
_g5
_lCCODEBUL1
_mBUL
_n1
_p18.21
_q3
_r0
_sY
_tBOOK
_u2015-6-24
_xTEOLOGIA
_PP35
_0COMPRA
_o.STAFF. Colección Teología
980 _81
_gALBERTO SANCHEZ Responsable de Automatización